Sports Quiz

Random Sports or Europe Quiz

Find the 2007 UEFA Champions League Winners Quiz Stats

 Plays Quiz not verified by Sporcle

Score 0/14 Timer 02:00
1 Play Today
% Correct
#22 Kaká
97.1%
#21 Pirlo
96.5%
#10 Seedorf
96.2%
#1 Dida
93.4%
#9 Inzaghi
92.4%
#3 Maldini
91.5%
#8 Gattuso
89.5%
% Correct
#13 Nesta
89.4%
#23 Ambrosini
74.4%
#44 Oddo
69.8%
#18 Jankulovski
68.1%
#11 Gilardino
66.1%
#19 Favalli
65.1%
#4 Kaladze
56.3%

You're not logged in!

Compare scores with friends on all Sporcle quizzes.
Join for Free
OR
Log In

You Might Also Like...

Show Comments

Extras

Top Quizzes Today


Score Distribution

Your Account Isn't Verified!

In order to create a playlist on Sporcle, you need to verify the email address you used during registration. Go to your Sporcle Settings to finish the process.

Report this User

Report this user for behavior that violates our Community Guidelines.

Details: